Fußballspieler zu Bundesligaverein (1. 2. 3. Liga) - Statistiken

Allgemein
  • Dieses Quiz wurde 309 mal gespielt
  • Das Durchschnittsergebnis liegt bei 11 aus 15
Antwortstatistiken
Hinweis Antwort % Korrekt
Kenan Karaman Schalke 04
94%
Andrej Kramaric TSG Hoffenheim
94%
Angelo Stiller VfB Stuttgart
92%
Robert Glatzel Hamburger SV
91%
Benedict Hollerbach Union Berlin
84%
Jackson Irvine FC St. Pauli
83%
Robin Hack Borussia Mönchengladbach
82%
Marvin Schwäbe 1. FC Köln
81%
Arthur Theate Eintracht Frankfurt
73%
Baris Atik 1. FC Magdeburg
71%
Stefan Kutschke Dynamo Dresden
71%
Nicolo Tresoldi Hannover 96
65%
Martin Männel Erzgebirge Aue
62%
Ba-Muaka Simakala VFL Osnabrück
52%
Jesper Verlaat TSV 1860 München
50%
Keine übereinstimmenden Quizze gefunden
Verteilung der Resultate
Anzahl Personen mit jedem Resultat
Perzentil nach korrekt beantworteten Fragen
Ihre Resultats-Entwicklung
Sie haben dieses Quiz noch nicht gespielt